| 000 | 00835nam a22002657a 4500 | ||
|---|---|---|---|
| 003 | BCEG | ||
| 005 | 20260220170622.0 | ||
| 008 | 260220s1979 mx|||||| |||| 00| 0 spa d | ||
| 040 |
_aBCEG _bspa _cBCEG |
||
| 082 | 0 | 4 |
_a720.972 _bG984d |
| 100 | 1 | _aGutiérrez, Miguel Ángel. | |
| 245 | 1 | 0 | _aDíaz Infante visto por Miguel Ángel. |
| 260 |
_a[México] : _bCentro Asturiano, _c1979. |
||
| 300 |
_a79 h. _b: il., fots. |
||
| 541 | _aDonación. | ||
| 600 |
_aDíaz Infante, Juan José, _d1936-2012, _xCrítica e interpretación. |
||
| 650 | 1 | 4 | _aArquitectos mexicanos. |
| 650 | 1 | 4 | _aArquitectura mexicana. |
| 650 | 1 | 4 |
_aDibujo mexicano. _xTécnica. |
| 700 | 1 |
_aMaya Gómez., Ignacio, _eed. |
|
| 700 | 1 |
_aPalacios Torres, Jaime, _eed. |
|
| 700 | 1 |
_aAcévez, Mariano, _epres. |
|
| 700 | 1 |
_aWilkins Payan, Arturo, _epres. |
|
| 942 | _cBK | ||
| 999 |
_c437082 _d437082 |
||